| 000 -LEADER |
| fixed length control field |
01208nam a22002537 4500 |
| 003 - CONTROL NUMBER IDENTIFIER |
| control field |
AR-BaISA |
| 005 - DATE AND TIME OF LATEST TRANSACTION |
| control field |
20260317115842.0 |
| 007 - PHYSICAL DESCRIPTION FIXED FIELD--GENERAL INFORMATION |
| fixed length control field |
ta |
| 008 - FIXED-LENGTH DATA ELEMENTS--GENERAL INFORMATION |
| fixed length control field |
220517s2015 sp ado|| |||| 001 0 spa d |
| 020 ## - INTERNATIONAL STANDARD BOOK NUMBER |
| International Standard Book Number |
9788490228715 |
| 040 ## - CATALOGING SOURCE |
| Language of cataloging |
spa |
| Transcribing agency |
AR-BaISA |
| 082 04 - DEWEY DECIMAL CLASSIFICATION NUMBER |
| Edition number |
22 |
| Classification number |
615.82 D543 |
| 100 1# - MAIN ENTRY--PERSONAL NAME |
| 9 (RLIN) |
2211 |
| Personal name |
Díaz Mohedo, Esther |
| 245 10 - TITLE STATEMENT |
| Title |
Manual de fisioterapia en traumatología / |
| Statement of responsibility, etc. |
Esther Díaz Mohedo |
| 260 ## - PUBLICATION, DISTRIBUTION, ETC. |
| Place of publication, distribution, etc. |
Barcelona: |
| Name of publisher, distributor, etc. |
Elsevier, |
| Date of publication, distribution, etc. |
2015 |
| 300 ## - PHYSICAL DESCRIPTION |
| Extent |
XIII, 192 p.: |
| Other physical details |
il., fotos, gráfs., tablas |
| 504 ## - BIBLIOGRAPHY, ETC. NOTE |
| Bibliography, etc. note |
Bibliografía al final de cada capítulo. |
| 504 ## - BIBLIOGRAPHY, ETC. NOTE |
| Bibliography, etc. note |
Índice analítico p.: 191-192. |
| 505 ## - FORMATTED CONTENTS NOTE |
| Title |
Historia clínica en Fisioterapia -- |
| -- |
Fisioterapia en las lesiones óseas: fracturas y periostitis -- |
| -- |
Fisioterapia en las luxaciones -- |
| -- |
Fisioterapia en las lesiones meniscales -- |
| -- |
Fisioterapia en la sinovitis -- |
| -- |
Fisioterapia en las condropatías -- |
| -- |
Fisioterapia en las lesiones ligamentosas -- |
| -- |
Fisioterapia en las lesiones musculares -- |
| -- |
Fisioterapia en las lesiones tendinosas -- |
| -- |
Técnicas fisioterápicas en las lesiones traumatológicas |
| 650 14 - SUBJECT ADDED ENTRY--TOPICAL TERM |
| 9 (RLIN) |
1206 |
| Topical term or geographic name entry element |
Fisioterapia |
| 650 14 - SUBJECT ADDED ENTRY--TOPICAL TERM |
| 9 (RLIN) |
1009 |
| Topical term or geographic name entry element |
Traumatología |
| 650 14 - SUBJECT ADDED ENTRY--TOPICAL TERM |
| Topical term or geographic name entry element |
Heridas y lesiones |
| 9 (RLIN) |
2108 |
| 942 ## - ADDED ENTRY ELEMENTS (KOHA) |
| Source of classification or shelving scheme |
|
| Koha item type |
Libros |
| Edition |
22 |